MARC details
| 000 -CABECERA |
| campo de control de longitud fija |
01234nam a2200289 a 4500 |
| 001 - NÚMERO DE CONTROL |
| campo de control |
000025350 |
| 005 - FECHA Y HORA DE LA ÚLTIMA TRANSACCIÓN |
| campo de control |
20250314113209.0 |
| 008 - DATOS DE LONGITUD FIJA--INFORMACIÓN GENERAL |
| campo de control de longitud fija |
110215s2005 dr 000 0 spa d |
| 020 ## - NÚMERO INTERNACIONAL ESTÁNDAR DEL LIBRO |
| Número Internacional Estándar del Libro |
9993482196 |
| 040 ## - FUENTE DE LA CATALOGACIÓN |
| Centro catalogador/agencia de origen |
DO-SdBNP |
| Lengua de catalogación |
spa |
| Centro/agencia transcriptor |
BNPHU |
| 082 ## - NÚMERO DE LA CLASIFICACIÓN DECIMAL DEWEY |
| Número de clasificación |
333.75 |
| Número de documento/Ítem |
J54c |
| 049 ## - FONDOS LOCALES (OCLC) |
| Fondos de biblioteca |
BNPD |
| 100 1# - ENTRADA PRINCIPAL--NOMBRE DE PERSONA |
| Nombre de persona |
Jennings Eckert, Penelope |
| 9 (RLIN) |
51910 |
| 240 10 - TÍTULO UNIFORME |
| Título uniforme |
Essential concepts in Forestry and agroforestry for the Dominican Republic |
| 245 10 - MENCIÓN DE TÍTULO |
| Título |
Conceptos esenciales en foresta y agroforesta para la República Dominicana / |
| Mención de responsabilidad, etc. |
Penelope Jennings Eckert ; presentación Luis B. Crouch ; tradución Jennifer Pérez Brennan, Teófilo Suriel, José Elías González ; edición Teófilo Suriel. |
| 260 ## - PUBLICACIÓN, DISTRIBUCIÓN, ETC. |
| Lugar de publicación, distribución, etc. |
Santo Domingo : |
| Nombre del editor, distribuidor, etc. |
CEDAF, |
| Fecha de publicación, distribución, etc. |
2005. |
| 300 ## - DESCRIPCIÓN FÍSICA |
| Extensión |
180 p ; |
| Dimensiones |
28 cm. |
| 650 #4 - PUNTO DE ACCESO ADICIONAL DE MATERIA--TÉRMINO DE MATERIA |
| Término de materia o nombre geográfico como elemento de entrada |
Bosques |
| Subdivisión geográfica |
República Dominicana |
| 9 (RLIN) |
21589 |
| 650 #0 - PUNTO DE ACCESO ADICIONAL DE MATERIA--TÉRMINO DE MATERIA |
| Término de materia o nombre geográfico como elemento de entrada |
Conservación de los recursos naturales |
| 9 (RLIN) |
1562 |
| 650 #4 - PUNTO DE ACCESO ADICIONAL DE MATERIA--TÉRMINO DE MATERIA |
| Término de materia o nombre geográfico como elemento de entrada |
Conservación de los recursos agricolas |
| 9 (RLIN) |
51911 |
| 650 #4 - PUNTO DE ACCESO ADICIONAL DE MATERIA--TÉRMINO DE MATERIA |
| Término de materia o nombre geográfico como elemento de entrada |
Ecosistemas |
| 9 (RLIN) |
40034 |
| 700 1# - PUNTO DE ACCESO ADICIONAL--NOMBRE DE PERSONA |
| Nombre de persona |
Pérez Brennan, Jennifer |
| Término indicativo de función/relación |
tr. |
| 9 (RLIN) |
51912 |
| 700 1# - PUNTO DE ACCESO ADICIONAL--NOMBRE DE PERSONA |
| Nombre de persona |
Suriel, Teófilo |
| Término indicativo de función/relación |
tr. |
| 9 (RLIN) |
51913 |
| 700 1# - PUNTO DE ACCESO ADICIONAL--NOMBRE DE PERSONA |
| Nombre de persona |
Elías Gonzáles , José |
| Término indicativo de función/relación |
tr. |
| 9 (RLIN) |
51914 |
| 700 1# - PUNTO DE ACCESO ADICIONAL--NOMBRE DE PERSONA |
| Nombre de persona |
Crouch, Luis B. |
| 9 (RLIN) |
10231 |
| 710 2# - PUNTO DE ACCESO ADICIONAL--NOMBRE DE ENTIDAD CORPORATIVA |
| Nombre de entidad corporativa o nombre de jurisdicción como elemento de entrada |
Centro para el Desarrollo Agropecuario y Forestal (CEDAF) |
| 9 (RLIN) |
51915 |